[Event "RUS-chT 04th"]
[Site "Azov"]
[Date "1996.??.??"]
[Round "4"]
[White "Bareev, Evgeny"]
[Black "Dreev, Alexey"]
[Result "1-0"]
[WhiteElo "2655"]
[BlackElo "2645"]
[Annotator "Makarichev,S"]
[PlyCount "55"]
[EventDate "1996.??.??"]
[EventType "team-tourn"]
[EventRounds "7"]
[EventCountry "RUS"]
[SourceTitle "CBM 056 Extra"]
[Source "ChessBase"]
[SourceDate "1997.03.01"]
[SourceVersion "1"]
[SourceVersionDate "1997.03.01"]
[SourceQuality "1"]
[WhiteTeam "Azov Ladya"]
[BlackTeam "Kazan Sberbank-Tatarstan"]
[WhiteTeamCountry "RUS"]
[BlackTeamCountry "RUS"]

1. d4 d5 2. c4 c6 3. Nf3 Nf6 4. Nc3 e6 5. e3 Nbd7 6. Bd3 dxc4 7. Bxc4 b5 8. Bd3
Bb7 9. a3 b4 10. Ne4 a5 11. Nxf6+ Nxf6 12. e4 Be7 13. Qe2 Qb6 $5 (13... c5 $6
14. Bb5+ Kf8 15. dxc5 Bxc5 $14 {Karpov,A-Shirov,A/Linares/1994/}) (13... bxa3
14. bxa3 O-O 15. e5 Nd5 16. Qe4 g6 17. Bh6 $40 {Dokhojan,Ju-Gurevich,M/BL9293/}
) 14. O-O c5 15. axb4 $1 (15. Bb5+ $6 Bc6 16. Bxc6+ Qxc6 $132 17. d5 $2 (17.
dxc5 $10) 17... exd5 18. exd5 Nxd5 $15 19. Ne5 (19. Rd1 O-O $1 20. Rxd5 $2 Qxd5
21. Qxe7 Rae8 $19) 19... Qb7 $17) 15... cxb4 (15... axb4 16. Bb5+ $16) 16. d5
exd5 17. Be3 $1 (17. Bb5+ Bc6 $1) 17... Bc5 (17... Qd6 $4 18. e5 $18) (17...
Qe6 18. Nd4 Qc8 19. Rac1 $18 {xf5,b5}) (17... Qd8 18. Bb5+ Kf8 (18... Nd7 19.
Ne5 $18) 19. e5 $16) 18. Bxc5 (18. Bb5+ Kf8 19. Bxc5+ Qxc5 20. Rac1 Qb6 {
-18.Bc5}) 18... Qxc5 19. Rac1 Qb6 20. Bb5+ $1 (20. exd5+ $2 Kf8 $13 {xd5, /\g6,
Kg7}) 20... Kf8 21. e5 $1 (21. exd5 Bxd5 $132) 21... Ne8 (21... Ne4 $5 22. Rfd1
g6 23. Nd4 Kg7 24. f3 Nc5 25. Qe3 $1 Rhc8 26. e6 $1 $16 fxe6 $2 (26... Nxe6 $2
27. Nf5+ $18) 27. Rxc5 $1 $18) 22. Rfe1 $1 Nc7 23. e6 $3 (23. Bd3 $2 Ne6 $132)
23... Nxe6 $8 (23... fxe6 24. Ng5 Nxb5 25. Qf3+ Ke7 26. Qf7+ Kd8 (26... Kd6 27.
Qxe6#) 27. Nxe6+ $18) (23... Nxb5 24. Ng5 $1 Nd4 (24... f6 25. Qh5 g6 26. Qh6+
Kg8 27. e7 Nd6 28. Ne6 Nf5 29. Qf8+ Rxf8 30. exf8=Q#) (24... Ba6 25. Qh5 Ra7
26. e7+ Rxe7 27. Rxe7 Kxe7 28. Qxf7+ Kd8 29. Ne6+ $18) 25. Qh5 g6 26. Qh6+ $18)
24. Ne5 $1 Kg8 (24... Qd6 25. Bc6 $1 Bxc6 (25... Nd4 26. Qh5 $18 Qc7 27. Bxd5
$1) 26. Rxc6 Qe7 27. Nxf7 $1 Qxf7 28. Rxe6 $18) 25. Nxf7 $1 Kxf7 26. Rc6 Qd8 (
26... Bxc6 27. Qxe6+ Kf8 28. Bxc6 Rd8 29. Qe7+ Kg8 30. Bxd5+ Rxd5 31. Qe8#) 27.
Qxe6+ Kf8 28. Rd6 (28. Rd6 Qf6 29. Qd7 $18) 1-0

[Event "Sarajevo Bosnia 30th"]
[Site "Sarajevo"]
[Date "2000.05.19"]
[Round "3"]
[White "Short, Nigel D"]
[Black "Bareev, Evgeny"]
[Result "0-1"]
[WhiteElo "2683"]
[BlackElo "2709"]
[Annotator "Lukacs,P"]
[PlyCount "120"]
[EventDate "2000.05.17"]
[EventType "tourn"]
[EventRounds "11"]
[EventCountry "BIH"]
[EventCategory "19"]
[SourceTitle "CBM 077"]
[Source "ChessBase"]
[SourceDate "2000.07.27"]
[SourceVersion "1"]
[SourceVersionDate "2000.07.27"]
[SourceQuality "1"]

1. e4 c6 2. Nc3 d5 3. d4 dxe4 4. Bc4 $6 {Sometimes Short is ready to try
extravagant ideas.} Nf6 5. f3 {The position is similar to the Blackmar-Diemer
Gambit.} b5 $5 (5... exf3 {Now White has a big lead of development.} 6. Nxf3
Bf5 (6... Bg4 $2 {is a well-known mistake because of} 7. Bxf7+ $1 Kxf7 8. Ne5+
Ke8 9. Nxg4 $18) 7. Ne5 e6 8. O-O $5 Bxc2 $1 {Black is keen on pawns, but this
time it works.} 9. Qe2 (9. Qxc2 Qxd4+ $19) (9. Nxf7 Kxf7 10. Qg4 Qd7 11. Bg5 b5
$1 $17 ({but not} 11... Na6 $6 12. Bxf6 gxf6 13. d5 $1 {opening up the lines
and diagonals against the K in the middle.} Nc7 14. dxe6+ Nxe6 15. Rae1 Re8 16.
Ne4 Bxe4 17. Rxe4 Bc5+ 18. Kh1 $44 {with a nasty pin on the e <->,
Welling-Marzik, Biel op 1981.})) 9... Bg6 {Surprisingly enough it is not easy
for White to find a decisive blow, for example:} 10. d5 Bc5+ 11. Kh1 cxd5 $19)
(5... e5 {gives back the material for development.} 6. dxe5 Qxd1+ 7. Kxd1 exf3
8. Nxf3 Ng4 9. Ke2 Nd7 10. Bf4 Nb6 11. Bb3 $14 {and White is better developed,
Tkhelidze-Kubicek, Decin op-A 1998.}) (5... e3 {has the same idea as the
previous move.} 6. Bxe3 Bf5 7. Nge2 e6 8. g4 $5 (8. O-O Be7 9. Bb3 O-O 10. Qe1
Qc7 11. Bf4 Bd6 12. Bxd6 Qxd6 13. Rd1 Nbd7 14. Kh1 Rfd8 15. Ng3 Bg6 $11 {
Bautista-Brown, BCF-chT2 1997}) 8... Bg6 9. h4 h6 {Safety first!} (9... b5 {
is more provocative.} 10. Bb3 (10. Nxb5 $5 {is also exciting:} cxb5 11. Bxb5+
Nbd7 12. h5 ({but not} 12. Bxd7+ $2 Qxd7 13. h5 Qc6 $1 14. Nc3 Nxg4 $17 {
Mordiglia-Mollero, Torino op 1998}) 12... Qa5+ 13. Nc3 Ba3 (13... Bb4 14. Bd2
$14) 14. Bc1 $14) 10... h6 11. Nf4 Bh7 12. Qe2 $14) 10. Nf4 Bh7 11. Qe2 Nd5) (
5... Nbd7 {is a quiet approach in the spirit of the Caro Kann.} 6. Nxe4 (6.
fxe4 e5 7. Nf3) 6... e6 7. Ne2 Be7 8. O-O Qb6 9. Kh1 O-O 10. c3 c5 11. dxc5
Nxc5 12. Nxf6+ Bxf6 $11 {E.Berg-K.Berg, Holger Blomstrands op 1997}) 6. Bb3 e6
7. fxe4 b4 8. Nce2 Nxe4 9. Nf3 Ba6 $1 {activating the bad B on the important /
^.} (9... Nd7 10. O-O {This is the natural developing move.} (10. Qd3 $6 {
The Q is rather exposed here.} Nd6 11. O-O Qb6 12. c3 $6 (12. c4) 12... Be7 13.
Ng5 (13. cxb4 Ba6 14. Qc2 Nf5 15. a3 Bf6) 13... Nf6 14. Bf4 h6 15. Bxd6 hxg5
16. Bxe7 Kxe7 17. Ng3 Ba6 18. c4 Rad8 $17 {Cornelison-Schiller, American op
USA 1995}) 10... Be7 11. Nf4 $44) (9... Be7 10. O-O O-O 11. Nf4 Nd7 12. Qd3
Ndf6 13. Re1 Nd6 14. Ng5 Nf5 $2 {This allows the devastating blow} (14... a5
$15) 15. Nfxe6 $1 fxe6 16. Nxe6 Qb6 17. Qxf5 Kh8 18. c3 $16 {Perez Perez-L.
Szabo, Marianske Lazne zt 1961}) 10. O-O Bd6 11. c4 (11. Re1 Nd7 {finishing
the development.}) 11... bxc3 12. bxc3 Nd7 (12... Bxe2 {is premature solving
White's problem of the pin.} 13. Qxe2 Nxc3 14. Qd3 Nd5 15. Ng5 Nf6 16. Qh3 Qd7
17. Rb1 $44) 13. Qc2 Nef6 (13... Bxe2 $6 {is again too hungry for pawns.} 14.
Qxe2 Nxc3 15. Qc4 Nb5 16. a4 Nc7 17. Qxc6 $44) 14. c4 (14. Re1 O-O 15. Bf4 Bxf4
16. Nxf4 c5 $17) 14... O-O (14... c5 15. Bb2 cxd4 (15... O-O 16. Rad1) 16.
Nexd4 O-O 17. Rad1) 15. c5 Bc7 16. Bg5 h6 17. Bh4 Qc8 $17 18. Rfe1 Bxe2 $6 {
The B was rather strong on the f1-a6 /^.} (18... Nd5 19. Nc3 (19. Bxd5 cxd5) (
19. Qd2 Rb8) 19... Nb4 $17) 19. Rxe2 Nd5 20. Rf1 Qa6 21. Re4 Rae8 (21... Rab8
$5 22. Bc4 (22. Re2 Nb4) 22... Qa5) 22. Rfe1 N7f6 23. Bxf6 Nxf6 24. Rh4 Qa5 25.
Re2 Re7 26. g3 $15 {White has some practical chances because of the ^-.} (26.
Ba4 Qa6) (26. g4 $6 {weakens only the dark squares.} Bf4) 26... Rb8 27. Kg2
Rbe8 28. Qd3 Nd5 29. Ne5 $5 (29. Ng5 f5 (29... Nf6 30. Nf3) 30. Nf3 Qc3 $5 31.
Qa6 $1) (29. Bc2 f5 30. Bb3 {was more persistant weakening the P structure.})
29... Qc3 $1 30. Qxc3 Nxc3 31. Rd2 Bxe5 32. dxe5 Nd5 33. Ra4 (33. Ba4 Rc7 34.
Rhd4 (34. Rb2 Rd8 35. Kf3 Nc3) 34... Rb8 $17 {occupying the vital b <->.})
33... Rb8 34. Ra5 Kf8 35. Kf3 Reb7 36. h4 Ke7 37. Rd4 f6 38. exf6+ gxf6 39.
Rda4 Nc3 40. Ra3 $2 {Now the rooks are off-side on the a <->.} (40. Rg4 {
keeps the activity of the R.} Kf7 41. Ra6 Rc7 42. h5 Rd8 43. Bc4 Nd5 $15) 40...
Nb5 41. R3a4 Rd7 {Now the black rooks will penetrate.} 42. Bc4 (42. Ra6 Nd4+
$19) 42... Nc3 $1 $19 43. Ra3 Nb1 44. R3a4 Nd2+ 45. Ke3 Rg8 46. Be2 Rxg3+ 47.
Kf2 Rc3 48. Rxa7 Ne4+ $1 49. Kg2 Nxc5 50. Rxd7+ Kxd7 51. Ra7+ Kd6 52. a4 Rc2
53. Kf1 Ke5 54. a5 Kf4 55. Rg7 Ne4 56. Bd3 Ra2 57. a6 Nd2+ 58. Kf2 Nf3+ 59. Be2
Nd4 60. Rg4+ Ke5 0-1

[Event "FIDE-Wch k.o."]
[Site "Moscow"]
[Date "2001.11.30"]
[Round "2.2"]
[White "Baklan, Vladimir"]
[Black "Bareev, Evgeny"]
[Result "0-1"]
[WhiteElo "2590"]
[BlackElo "2719"]
[Annotator "Wells,P"]
[PlyCount "76"]
[EventDate "2001.11.27"]
[EventType "k.o."]
[EventRounds "7"]
[EventCountry "RUS"]
[SourceTitle "CBM 086"]
[Source "ChessBase"]
[SourceDate "2002.02.05"]
[SourceVersion "1"]
[SourceVersionDate "2002.02.05"]
[SourceQuality "1"]

1. e4 c6 2. d4 d5 3. e5 Bf5 4. Nf3 e6 5. Be2 Ne7 6. O-O h6 7. b3 $5 Nd7 8. c4
g5 $5 {With this blocked structure both sides start to make space-gaining pawn
moves. Black is trying to prevent a crowding of his pieces, while white would
dream of some pawn mobility and play on the c-file.} 9. Nc3 Bg7 10. cxd5 exd5
11. Bd3 Nf8 $1 {[%csl Rd4,Ge6][%cal Gf8e6] There is nothing intrinsically
terrible about the exchange of light-squared bishops for black, but he does
need to keep control of e6, as well as eyeing white's potentially weak d4 pawn.
} 12. Ba3 {[%cal Ya3e7,Yd3f5]} Bg4 $1 (12... Bxd3 13. Qxd3 {[%csl Rf5]}) 13. h3
Bh5 14. Be2 Bg6 15. Na4 {Designed to force a weakening of the c6 pawn.} b6 16.
Rc1 Qd7 17. Bd3 Bh5 $1 {Another interesting moment. Black can stomach the
exchange of the defensive knight on e7, but perhaps not in conjunction with
the light-squared bishops coming off too.} 18. Rc3 Ne6 19. Bxe7 Kxe7 20. Bf5
Rac8 21. Qc2 Rc7 22. Rc1 Rhc8 23. b4 Qe8 $1 {Very strong. Just as it looks as
if white is generating very serious pressure, and holds the initiative, black
unpins his knight, reminds white of the d-pawn's vulnerability, and threatens .
..Bxf3, and under some circumstances can consider ...Bg6.} 24. Bxe6 {Without
analysing deeply, suffice to say that is this further concession of the 'minor
exchange' was necessary it is a triumph of black's strategy. Black soon takes
the initiative.} fxe6 25. b5 Bg6 26. Qb3 Kd8 27. bxc6 Rxc6 28. Nb2 Rxc3 29.
Rxc3 Rxc3 30. Qxc3 Bf8 31. Nd1 Qb5 32. Ne3 Kd7 33. Kh2 Qb4 34. Nxd5 exd5 35.
Qe3 Kc7 36. e6 Bd6+ 37. g3 Qa3 38. Qe2 Qd3 0-1

[Event "FIDE-Wch k.o."]
[Site "Moscow"]
[Date "2001.12.02"]
[Round "3.4"]
[White "Sakaev, Konstantin"]
[Black "Bareev, Evgeny"]
[Result "0-1"]
[WhiteElo "2639"]
[BlackElo "2719"]
[Annotator "Lukacs,P"]
[PlyCount "60"]
[EventDate "2001.11.27"]
[EventType "k.o."]
[EventRounds "7"]
[EventCountry "RUS"]
[SourceTitle "CBM 086"]
[Source "ChessBase"]
[SourceDate "2002.02.05"]
[SourceVersion "1"]
[SourceVersionDate "2002.02.05"]
[SourceQuality "1"]

1. e4 c6 2. d4 d5 3. e5 Bf5 4. Nc3 e6 5. g4 Bg6 6. Nge2 Ne7 7. Nf4 (7. f4 {
- Nataf-Grabarczyk, Hasselbacken 2001 CBM 85}) 7... c5 8. dxc5 Nec6 9. h4 Qc7
10. Bg2 Qxe5+ 11. Kf1 (11. Nfe2 $6 h6 $1 {- Bachin-Galkin, RUS-ch 54th Elista
2001 CBM 83}) (11. Nce2 Na6 $5 (11... Bxc5 12. h5 Be4 13. f3 Nd7 {-
Smirnov-Volzhin, RUS-ch 53rd Samara 2000 CBM 78} (13... f5 {- Svidler-Dreev,
RUS-Tean Smolensk 2000 CBM 77})) (11... d4 12. h5 (12. f3 Qxc5) 12... Be4 13.
f3 Bd5 14. Nxd5 Qxd5 $13) 12. h5 Be4 13. f3 O-O-O {Black's main idea is to
sacrifice the B on e4 for some pawns and a long-lasting |^ against the K in
the middle.} 14. Bd2 Bxc5 15. Qc1 (15. fxe4 $6 {is still premature.} dxe4 16.
Qc1 Rxd2 $5 {Now Black sacrifices a whole R in order to continue the ->.} (
16... g5 17. hxg6 (17. Nh3 h6 18. Bc3 Bb4 19. Qe3 f5 $44 {and Black's phalanx
is moving ahead.}) 17... hxg6 18. Rxh8 Qxh8 19. Bxe4 Qh4+ 20. Kd1 Nd4 $13 {
and White simply cannot finish his development.}) 17. Qxd2 Rd8 18. Qc1 Nab4 19.
Rh3 Bb6 20. Rc3 e3 21. a3 $1 {is probably the best defence.} (21. Bf3 Qf6 22.
Kf1 e5 23. a3 Nd5 $40) (21. Kf1 Rd4 $1 22. Nh3 (22. Nxd4 $2 {gives up White's
best defender, the blockading e2N.} Bxd4 23. Ne2 (23. Nh3 $2 e2+ $19 {
Gofshtein-Donchenko, Israel op Ch 2001}) 23... Qf6+ 24. Kg1 Qf2+ 25. Kh1 Qxe2
$17) 22... Rxg4 $13 {with a phantastic compensation for the sacrificed R.})
21... Nd5 (21... Qf6 22. Nh3 $1 $14) 22. Rc4 $5 {A.Donchenko} ({Other tries
fail to impress:} 22. Nxd5 exd5 23. Kf1 Qf6+ 24. Kg1 Qf2+ 25. Kh1 Qxe2 26. Qd1
Qf2 27. Qf3 e2 $19) (22. Bxd5 exd5 23. Kf1 g5 $40)) 15... g5 16. Nh3 Nd4 $13 {
- Shirov-Bareev, Montecatini Terme 2000 CBM 79}) 11... Bxc5 {[%mdl 8]} (11...
d4 12. h5 {- Shirov-Bareev, FIDE-Wch k.o. New Delhi 2000 CBM 80} (12. Nxg6 hxg6
13. Nb5 Na6 $5 (13... Kd8 $6 14. Nxd4 $1) (13... Bxc5 $2 14. f4 $18) 14. Bxc6+
bxc6 15. Qf3 Qd5 (15... Qxc5 $6 16. Nxd4 $1) 16. Qxd5 cxd5 (16... exd5 17. Nxd4
) 17. c6 Bc5 $11)) 12. h5 Be4 13. f3 $1 {White has to win the piece, otherwise
his whole plan is sense less.} (13. Nxe4 dxe4 14. Qe2 Nd7 $1 {Black has to
finish his development quickly.} (14... f5 $6 15. Qc4 $1 (15. Qb5 O-O $1 16.
Qxb7 Qd6 $15) 15... Qd4 (15... Nd8 {is too passive and against the nature of
this variation.} 16. gxf5 exf5 17. Nd5 Na6 (17... Bd6 $2 18. Bf4 $1 Qxb2 19.
Bxd6 Qxa1+ 20. Ke2 $18 {reminds me to the old romantic games!}) 18. f3 exf3 19.
Bxf3 Nc6 20. Bf4 Qd4 (20... Qxb2 21. Re1+ Kd8 22. Nc3 $18) 21. Qe2+ Kf7 (21...
Kf8 22. c3 Qa4 23. b4 $16) 22. c3 Qa4 23. b4 $16) 16. Qxd4 $1 (16. Qxe6+ Ne7
17. Be3 Qxb2 $13) 16... Nxd4 17. c3 Nc2 18. Rb1 {and the N on c2 is in big
trouble.} Kf7 19. Ke2 Rd8 20. Rd1 $16) 15. Qxe4 (15. Bxe4 Nd4 16. Qd3 O-O-O 17.
c3 Nf6 18. cxd4 Rxd4 19. Bxb7+ Kxb7 20. Qb5+ Ka8 21. Qc6+ (21. Be3 Nxg4) 21...
Kb8 22. Qb5+ Ka8 $11 {and both have to be satisfied with the perpetual check.})
15... Qxe4 16. Bxe4 Nf6 17. Bxc6+ bxc6 18. Nd3 Bd6 19. g5 Nd7 20. Rh4 Ke7 21.
Bd2 Rab8 22. Ra4 Rb7 23. Re1 Rc8 24. b3 $14 {and Black's structural defaults
on the << give White the somewhat better chances in the _|_,Sakaev-Bareev,
FIDE WCh k.o. Moscow 2001.}) 13... f5 $1 14. fxe4 (14. Nce2 O-O 15. fxe4 fxe4 {
- 15.Nce2}) 14... fxe4 {Black has got two dangerous central pawns and a strong
-> for the piece.} 15. Ke1 (15. Nce2 O-O 16. Ke1 Nd7 17. c3 Nb6 $44) 15... Nd4
$6 (15... O-O {was good and simple, for example:} 16. Nce2 Nd7 17. c3 Nb6 $44)
16. Nce2 $2 (16. Be3 $2 Nf3+ $1 $19) (16. Na4 $1 {was crisper disturbing the
harmony of Black's centralized pieces.} Nf3+ $1 (16... e3 $2 17. Ne2 $1 {
White has to blockade on e2.} (17. Nxc5 $2 Qxf4 $19) 17... Qf6 (17... Nxe2 18.
Qxe2 Qg3+ 19. Kd1) 18. Bxe3 Nf3+ 19. Bxf3 Bxe3 20. Rh3 $1 $18 {and Black's ->
is beaten off.}) (16... Be7 $2 17. Be3 O-O 18. Qxd4 $18 {loses outright.}) 17.
Bxf3 $1 (17. Kf1 Bd6 18. Bxf3 O-O 19. Rh3 Rxf4 20. Bxf4 Qxf4 21. Nc3 exf3 22.
Qxf3 Nc6 $44) 17... exf3+ 18. Kf1 Be3 19. Bxe3 Qxe3 20. Nd3 Nd7 21. Qe1 $16 {
and there are no more attacking pieces.}) 16... Nf3+ 17. Kf1 O-O 18. c3 Nc6 19.
b4 (19. Rb1 Ng5 $1 20. Ke1 Nf3+ 21. Kf1 Ng5 $11 {is another funny repetition
of moves.}) 19... Bb6 $1 (19... Bxb4 20. Rb1 {activates only White's R.}) 20.
a4 (20. b5 Na5 $15) 20... Ng5 $1 21. a5 $6 {There is simply no time for that.}
(21. Ke1 {was more persistant, for example:} Nxb4 $1 22. a5 $1 (22. Rf1 Nf3+
23. Rxf3 exf3 24. Bxf3 Be3 $1 $19) 22... Nf3+ 23. Kf1 (23. Bxf3 $2 exf3 24.
axb6 fxe2 $19) 23... Bc7 24. Bxf3 Nd3 $1 25. Nxd3 Rxf3+ 26. Nf2 e3 $15) 21...
e3 $1 $19 {Now Black's -> cannot be stopped anymore.} ({and certainly not} 
21... Bc7 22. Be3) 22. axb6 Rxf4+ 23. Kg1 (23. Nxf4 Qxf4+ 24. Kg1 (24. Bf3 Nxf3
$19) 24... Qf2+ 25. Kh2 Ne5 $19 {with phantastic black knights!}) 23... Rxg4
24. Nd4 (24. Qf1 Rf8 25. Qxf8+ Kxf8 26. bxa7 Nxa7 27. Rxa7 Rxg2+ $19) 24... Qg3
25. Ra2 Nxd4 26. cxd4 Nf3+ 27. Kf1 Nd2+ 28. Rxd2 Rf8+ 29. Kg1 exd2 30. Qxd2 Re4
0-1

[Event "Cannes NAO Masters"]
[Site "Cannes"]
[Date "2002.02.22"]
[Round "1"]
[White "Bareev, Evgeny"]
[Black "Leko, Peter"]
[Result "1-0"]
[WhiteElo "2707"]
[BlackElo "2713"]
[Annotator "Stohl,I"]
[PlyCount "57"]
[EventDate "2002.02.22"]
[EventType "tourn"]
[EventRounds "9"]
[EventCountry "FRA"]
[EventCategory "18"]
[SourceTitle "CBM 088"]
[Source "ChessBase"]
[SourceDate "2002.03.21"]
[SourceVersion "1"]
[SourceVersionDate "2002.03.21"]
[SourceQuality "1"]

1. c4 c5 2. g3 g6 3. Bg2 Bg7 4. e3 $5 {This idea in the symmetrical English is
not as innoucuous as it seems.} Nc6 ({Somewhat later in Monaco Leko opted for
a different approach} 4... e6 5. d4 Ne7 $5 6. d5 exd5 7. cxd5 d6 8. Nc3 O-O 9.
Nf3 a6 10. a4 Nd7 11. O-O Nf5 12. Qc2 Re8 13. Rd1 Ne5 14. Nxe5 Bxe5 15. Bd2 b6
16. Rab1 Bd7 17. b4 c4 18. b5 axb5 19. Nxb5 Bxb5 20. Rxb5 c3 21. Be1 Ra5 $132 {
Bareev,E-Leko,P/Monaco/2002/}) 5. Ne2 e6 6. d4 (6. Nbc3 Nge7 7. O-O O-O 8. d4
cxd4 9. Nxd4 Nxd4 10. exd4 d5 $11 {-A36}) 6... cxd4 7. exd4 (7. Nxd4 Nxd4 8.
exd4 d5 ({The principled move is to accept the P sacrifice with} 8... Qb6 $5 9.
c5 Qb4+ 10. Bd2 Qxd4 11. Bc3 Qxd1+ 12. Kxd1 Bxc3 13. Nxc3 $44) 9. cxd5 exd5 10.
Nc3 Ne7 11. O-O O-O 12. Bg5 Be6 13. Qb3 Re8 (13... Bxd4 $142 14. Rad1 $36) 14.
Qxb7 Rb8 15. Qxa7 Rxb2 16. Rab1 Rc2 17. Nxd5 $1 Bxd5 18. Bxe7 Qa8 19. Qxa8 Bxa8
20. Bc5 $16 {Kurtenkov,A-Kuzev,B/BUL-ch sf Sofia/1992/}) 7... Nge7 (7... d5 8.
cxd5 exd5 9. Nbc3 Nge7 10. O-O (10. Bg5 h6 11. Bxe7 Nxe7 12. Qb3 O-O 13. O-O
Bg4 14. Qxb7 Rb8 15. Qxa7 Rxb2 16. Rfe1 Qd6 17. h3 Nc6 18. Qa6 Bc8 {1/2,Berg,
K-Vegh,E/Budapest/1983/} 19. Qd3 Bf5 $44) 10... O-O 11. Be3 Be6 12. Nf4 Qd7 13.
Qd2 Rad8 14. Rfe1 Rfe8 15. Rac1 Nf5 16. Nfxd5 Nfxd4 17. Bg5 Rc8 18. Bf6 Bxd5 (
18... Bh3 $5 $13) 19. Nxd5 Rxe1+ (19... Qg4 20. Qc3 $1 $14) 20. Rxe1 Re8 {
Wade,R-Markland,P/Hastings/1970/} 21. Rxe8+ Qxe8 22. Ne7+ $1 $36) 8. d5 Ne5 (
8... exd5 9. cxd5 Ne5 10. Nbc3 $14 {()} (10. d6 $5)) 9. dxe6 (9. d6 $5 Nf5 10.
Na3 Qb6 11. Nb5 O-O $32 {-/+}) 9... dxe6 (9... fxe6 $5 10. Qc2 Qc7 $13) 10.
Qxd8+ Kxd8 11. O-O $1 $32 {[%mdl 512] This P sacrifice is more or less forced,
but Black's K in the [+] and his uncoordinated forces give White good
compensation.} (11. Na3 Nd3+ $15) 11... Bd7 (11... Nxc4 12. Rd1+ Ke8 (12... Kc7
13. Nbc3 {/\b3|^}) (12... Bd7 13. Nbc3 Ke8 $5 {-12...Ke8} (13... Nc6 14. b3 Nb6
15. Bg5+ $44)) 13. Nbc3 Bd7 14. Bxb7 Rb8 15. Bg2 Bc6 $11) 12. Rd1 Kc7 13. Nbc3
a6 {Black spurns his last chance to take the offered P, but White still
retains the |^, due to his strong B and Black's somewhat vulnerable K.} (13...
Nxc4 $5 14. b3 Ne5 15. Ba3 Nf5 16. Rac1 $44) 14. Bf4 {[%csl Rc7,Gf4,Gg2]} Bc6 (
14... Rad8 15. Ne4 Bc6 16. Rxd8 $1 (16. Ng5 Rdf8 17. Nd4 $1 {/\} Bxg2 18.
Ndxe6+ fxe6 19. Nxe6+ Kc6 20. Nxg7 Bf3 21. Re1 Nd3 22. Re6+ $1 Kc5 23. Rxe7
Nxf4 24. gxf4 $14) 16... Rxd8 17. Ng5 $36) 15. Nd4 $1 (15. Nd5+ exd5 16. cxd5
Nxd5 17. Bxd5 Rad8 (17... Kb6 18. Bxc6 Nxc6 19. Rd7 Ne5 20. Bxe5 Bxe5 21. f4 $1
$16 Bxb2 $6 22. Rb1 Kc6 23. Rxf7 $18) 18. Bxf7 g5 19. Bxe5+ Bxe5 $44) (15. Ne4
Nf5 $1 16. Ng5 Raf8 $132) 15... Rad8 $1 (15... Bxg2 $143 16. Kxg2 {[%cal Rd4f3]
/\Nf3+/-}) 16. Nxc6 N7xc6 17. Re1 Kb6 18. Na4+ Ka7 (18... Ka5 $2 19. Nc5 Kb6
20. Nxb7 Kxb7 21. Bxe5 $18) 19. Bg5 (19. Nc5 Nd3 $5 $11 (19... Nxc4 20. Rac1
$36 Rd4 21. Bxc6 bxc6 22. Nb3 $16)) 19... Rd6 (19... Rc8 $142 20. Be3+ Kb8 21.
Bf4 g5 $14 {<=>}) 20. Red1 $1 Nd4 $6 (20... Nxc4 21. Rxd6 Nxd6 22. Bxc6 bxc6
23. Rd1 Bf8 24. Bf4 $16) (20... Rxd1+ $142 21. Rxd1 h6 22. Be3+ Kb8 $14) 21.
Be7 Nxc4 $2 (21... Ndf3+ $8 22. Bxf3 (22. Kh1 Rd2 $5 23. Bxf3 Nxf3 24. Kg2 {
-22.Bf3}) 22... Nxf3+ 23. Kg2 Rxd1 24. Rxd1 Ne5 25. Bc5+ Kb8 26. Nb6 $36) 22.
Bxd6 Nxd6 23. Kf1 e5 (23... Rd8 $142 24. Rac1 Kb8 $16) 24. Rac1 Rd8 25. Rc5 Kb8
$6 (25... Ne8 $5 26. Nc3 $16) 26. Rd5 {[%cal Rf2f4,Ra4c5] /\f4,Nc5->} Kc7 (
26... f5 27. Nc5 Nf7 28. Nxb7 $1 $18) (26... Bf6 27. Nb6 {/\} Kc7 28. R5xd4 $1
exd4 29. Nd5+ $18) 27. Nc5 Re8 (27... Nc6 28. Rc1 Kb6 29. Nxb7 $1 Kxb7 (29...
Nxb7 30. Rxc6+ Kxc6 31. Rxd8+ $18) 30. Rdc5 e4 31. Rxc6 Bxb2 32. Rc7+ Kb8 33.
R1c6 Bf6 34. Bh3 {[%cal Rc7d7] /\Rd7+-}) 28. Rc1 Bh6 (28... Nc6 29. Rxd6 Kxd6
30. Nxb7+ $18) 29. Nxa6+ (29. Nxa6+ Kd7 30. Rc7+ Ke6 31. Nc5+ $18) 1-0